<?xml version="1.0" encoding="UTF-8"?>
<record
    xmlns:xsi="http://www.w3.org/2001/XMLSchema-instance"
    xsi:schemaLocation="http://www.loc.gov/MARC21/slim http://www.loc.gov/standards/marcxml/schema/MARC21slim.xsd"
    xmlns="http://www.loc.gov/MARC21/slim">

  <leader>01154nam a22002537a 4500</leader>
  <controlfield tag="003">DO-SdBNP</controlfield>
  <controlfield tag="005">20220510081546.0</controlfield>
  <controlfield tag="007">ta</controlfield>
  <controlfield tag="008">220211b2019    dr a|||| |||| 00| 0 spa d</controlfield>
  <datafield tag="020" ind1=" " ind2=" ">
    <subfield code="a">9789945220254</subfield>
  </datafield>
  <datafield tag="040" ind1=" " ind2=" ">
    <subfield code="a">DO-SdBNP</subfield>
    <subfield code="b">spa</subfield>
    <subfield code="c">BNPHU</subfield>
  </datafield>
  <datafield tag="082" ind1=" " ind2="4">
    <subfield code="2">22</subfield>
  </datafield>
  <datafield tag="100" ind1=" " ind2=" ">
    <subfield code="9">43393</subfield>
    <subfield code="a">Salcedo, Lino</subfield>
  </datafield>
  <datafield tag="245" ind1="1" ind2="0">
    <subfield code="a">Yatny en la escuela feliz /</subfield>
    <subfield code="c">Lino Salcedo ; correcci&#xF3;n  Lissania Salcedo ; ilustraciones Rafael  Le&#xF3;nidas Laureano.</subfield>
  </datafield>
  <datafield tag="260" ind1=" " ind2=" ">
    <subfield code="a">Santo Domingo : </subfield>
    <subfield code="b">B&#xFA;ho, </subfield>
    <subfield code="c">2019.</subfield>
  </datafield>
  <datafield tag="300" ind1=" " ind2=" ">
    <subfield code="a">93 p. :</subfield>
    <subfield code="b">il. ;</subfield>
    <subfield code="c">19 cm. </subfield>
  </datafield>
  <datafield tag="500" ind1=" " ind2=" ">
    <subfield code="a">Incluye datos biogr&#xE1;ficos del autor en la p&#xE1;gina 93</subfield>
  </datafield>
  <datafield tag="505" ind1="0" ind2=" ">
    <subfield code="a">Cap&#xED;tulo 1--</subfield>
    <subfield code="t">Miedo a la escuela --</subfield>
    <subfield code="g">Cap&#xED;tulo II--</subfield>
    <subfield code="t">&#xA1;Bienvenida Yatny! --</subfield>
    <subfield code="g">Cap&#xED;tulo III--</subfield>
    <subfield code="t">Cuando sea grande yo quiero ser --</subfield>
    <subfield code="g">Cap&#xED;tulo IV--</subfield>
    <subfield code="t">La competencia --</subfield>
    <subfield code="g">Cap&#xED;tulo V--</subfield>
    <subfield code="t">La mascota de Yatny --</subfield>
    <subfield code="g">Cap&#xED;tulo VI--</subfield>
    <subfield code="t">&#xA1;Vamos al zool&#xF3;gico! --</subfield>
    <subfield code="g">Cap&#xED;tulo VII--</subfield>
    <subfield code="t">Saca el genio que hay en ti --</subfield>
    <subfield code="g">Cap&#xED;tulo VIII--</subfield>
    <subfield code="t">&#xA1;Vacaciones! --</subfield>
    <subfield code="t">Sobre el autor.</subfield>
  </datafield>
  <datafield tag="590" ind1=" " ind2=" ">
    <subfield code="a">Inventariado, 2022 /LP
</subfield>
  </datafield>
  <datafield tag="700" ind1="1" ind2=" ">
    <subfield code="a">Salcedo, Lissania, </subfield>
    <subfield code="e">corr.</subfield>
    <subfield code="9">81220</subfield>
  </datafield>
  <datafield tag="700" ind1="1" ind2=" ">
    <subfield code="a">Laureano, Rafael  Le&#xF3;nidas,</subfield>
    <subfield code="e">il.</subfield>
    <subfield code="9">81221</subfield>
  </datafield>
  <datafield tag="910" ind1=" " ind2=" ">
    <subfield code="a">Lop&#xE9;rez.</subfield>
  </datafield>
  <datafield tag="942" ind1=" " ind2=" ">
    <subfield code="2">ddc</subfield>
    <subfield code="c">LBS1</subfield>
  </datafield>
  <datafield tag="952" ind1=" " ind2=" ">
    <subfield code="0">0</subfield>
    <subfield code="1">0</subfield>
    <subfield code="2">ddc</subfield>
    <subfield code="5">3</subfield>
    <subfield code="7">0</subfield>
    <subfield code="8">PD</subfield>
    <subfield code="a">BNPHU</subfield>
    <subfield code="b">BNPHU</subfield>
    <subfield code="c">HD</subfield>
    <subfield code="d">2022-02-11</subfield>
    <subfield code="e">Dep&#xF3;sito Legal </subfield>
    <subfield code="p">2022-0753</subfield>
    <subfield code="r">2022-02-11</subfield>
    <subfield code="w">2022-02-11</subfield>
    <subfield code="y">LBS1</subfield>
  </datafield>
  <datafield tag="952" ind1=" " ind2=" ">
    <subfield code="0">0</subfield>
    <subfield code="1">0</subfield>
    <subfield code="2">ddc</subfield>
    <subfield code="5">3</subfield>
    <subfield code="7">0</subfield>
    <subfield code="8">PD</subfield>
    <subfield code="a">BNPHU</subfield>
    <subfield code="b">BNPHU</subfield>
    <subfield code="c">HD</subfield>
    <subfield code="d">2022-02-11</subfield>
    <subfield code="e">Dep&#xF3;sito Legal </subfield>
    <subfield code="p">2022-0754</subfield>
    <subfield code="r">2022-02-11</subfield>
    <subfield code="t">e.2</subfield>
    <subfield code="w">2022-02-11</subfield>
    <subfield code="y">LBS1</subfield>
  </datafield>
  <datafield tag="952" ind1=" " ind2=" ">
    <subfield code="0">0</subfield>
    <subfield code="1">0</subfield>
    <subfield code="2">ddc</subfield>
    <subfield code="5">6</subfield>
    <subfield code="7">0</subfield>
    <subfield code="8">DS</subfield>
    <subfield code="a">BNPHU</subfield>
    <subfield code="b">BNPHU</subfield>
    <subfield code="c">HD</subfield>
    <subfield code="d">2022-02-11</subfield>
    <subfield code="e">Dep&#xF3;sito Legal </subfield>
    <subfield code="p">2022-0755</subfield>
    <subfield code="r">2022-02-11</subfield>
    <subfield code="t">e.3</subfield>
    <subfield code="w">2022-02-11</subfield>
    <subfield code="y">LBS1</subfield>
  </datafield>
  <datafield tag="952" ind1=" " ind2=" ">
    <subfield code="0">0</subfield>
    <subfield code="1">0</subfield>
    <subfield code="2">ddc</subfield>
    <subfield code="5">6</subfield>
    <subfield code="7">0</subfield>
    <subfield code="8">DS</subfield>
    <subfield code="a">BNPHU</subfield>
    <subfield code="b">BNPHU</subfield>
    <subfield code="c">CT</subfield>
    <subfield code="d">2022-05-10</subfield>
    <subfield code="e">Donaci&#xF3;n</subfield>
    <subfield code="l">0</subfield>
    <subfield code="p">2022-1917</subfield>
    <subfield code="r">2022-05-10</subfield>
    <subfield code="t">e.4</subfield>
    <subfield code="w">2022-05-10</subfield>
    <subfield code="y">LBS1</subfield>
  </datafield>
  <datafield tag="952" ind1=" " ind2=" ">
    <subfield code="0">0</subfield>
    <subfield code="1">0</subfield>
    <subfield code="2">ddc</subfield>
    <subfield code="5">6</subfield>
    <subfield code="7">0</subfield>
    <subfield code="8">DS</subfield>
    <subfield code="a">BNPHU</subfield>
    <subfield code="b">BNPHU</subfield>
    <subfield code="c">CT</subfield>
    <subfield code="d">2022-05-10</subfield>
    <subfield code="e">Donaci&#xF3;n</subfield>
    <subfield code="l">0</subfield>
    <subfield code="p">2022-1918</subfield>
    <subfield code="r">2022-05-10</subfield>
    <subfield code="t">e.5</subfield>
    <subfield code="w">2022-05-10</subfield>
    <subfield code="y">LBS1</subfield>
  </datafield>
  <datafield tag="999" ind1=" " ind2=" ">
    <subfield code="c">51415</subfield>
    <subfield code="d">51415</subfield>
  </datafield>
</record>
